Every Cold War Conflict - Statistics

General Stats
  • This quiz has been taken 64 times
  • The average score is 17 of 148
Answer Stats
Hint Answer % Correct
1950-1953 East Asia Korean War
88%
1955-1975 Southeast Asia Vietnam War
88%
1946-1949 Southern Europe Greek Civil War
61%
1945-1949 East Asia Chinese Civil War
45%
1956 Central Europe Hungarian Revolution
43%
1967 Western Asia Six-Day War
43%
1953-1959 Caribbean Cuban Revolution
34%
1980-1988 Western Asia Iran-Iraq war
34%
1991-2001 Southern Europe Yugoslav wars
34%
1954-1962 North Africa Algerian War
32%
1975-2002 Southern Africa Angolan civil war
32%
1962 Caribbean Cuban Missile Crisis
32%
1956 North Africa Suez Crisis
30%
1983 Caribbean Invasion of Grenada
29%
1946-1954 Southeast Asia First Indochina War
27%
1990-1991 Western Asia Gulf War
27%
1953-1975 Southeast Asia Laotian Civil War
27%
1967-1970 West Africa Nigerian civil war
27%
1964-1979 Southern Africa Rhodesian Bush War
27%
1981-1991 East Africa Somali Civil war
27%
1973 Western Asia Yom Kippur War
27%
1967-1975 Southeast Asia Cambodian Civil War
25%
1974-1991 East Africa Ethiopian civil war
25%
1989 Southern Europe Romanian Revolution
25%
1961 Caribbean Bay of Pigs Invasion
23%
1948-1949 Western Europe Berlin Blockade
23%
1982 South America Falklands war
23%
1979 Southern Asia Iranian Revolution
23%
1979-1989 Central Asia Soviet-Afghan war
23%
1977-1992 East Africa Mozambican civil war
20%
1962 Southern Asia Sino-Indian War
20%
1989-1990 Central America United States invasion of Panama
20%
1960-1965 Central Africa Congo Crisis
18%
1954 Central America | 1960-1996 Central America Guatemalan Civil War
18%
1979 Southeast Asia Sino-Vietnamese war
18%
1945-1949 Southeast Asia Indonesian National Revolution
16%
1975-1990 Western Asia Lebanese civil war
16%
1979-1992 Central America Salvadoran civil war
16%
1977-1978 East Africa Ogaden war
14%
1948-1949 Western Asia First Arab-Israeli War
13%
1966-1990 Southern Africa South African Border war
13%
1968 Central Europe Warsaw Pact Invasion of Czechoslovakia
13%
1948 Central America Costa Rican Civil War
11%
1965 Caribbean Dominican Civil war
11%
1954-1955 East Asia First Taiwan Strait Crisis
11%
1969 Central America Football War
11%
1948-1960 Southeast Asia Malayan Emergency
11%
1961-1974 Western/Southern Africa Portuguese Colonial War
11%
1980-1986 East Africa Ugandan bush war
11%
1978-1979 East Africa Uganda-Tanzania war
11%
1989-1992 Central Asia Afghan civil war
9%
1971 Southern Asia Bangladesh Liberation war
9%
1947 South America Paraguayan Civil War
9%
1989-1992 Central/Southern/Eastern Europe Revolutions of 1989
9%
1958 East Asia Second Taiwan Strait Crisis
9%
1969 East Asia Sino-Soviet Border Conflict
9%
1989 Central Europe Velvet Revolution
9%
1988 Southeast Asia 8888 Uprising
7%
1961 Western Europe Berlin Crisis
7%
1964 South America Brazillian coup d'etat
7%
1973 South America Chilean coup d'etat
7%
1964-Present South America Colombian conflict
7%
1966-1976 East Asia Cultural Revolution
7%
1948 Central Europe Czechoslovak Coup d'etat
7%
1965-1966 Southeast Asia Indonesian Killings
7%
1961-1990 Central America Nicaraguan Revolution
7%
1962-1970 Western Asia North Yemen Civil War
7%
1977 Central Africa Shaba I
7%
1978 Central Africa Shaba II
7%
1959 Central Asia 1959 Tibetan Uprising
5%
1955 South America Argentine Coup d'etat
5%
1976 South America Argentine coup d'etat
5%
1978-1989 Southeast Asia Cambodian-Vietnamese war
5%
1974 Western Europe Carnation Revolution
5%
1965-1983 Southeast Asia Communist Insurgency in Thailand
5%
1953 Western Europe East German Uprising
5%
1952 North Africa Egyptian Revolution
5%
1965 Southern Asia Indo-Pakistani War of 1965
5%
1971 Southern Asia Indo Pakistani war of 1971
5%
1944-1953 Northeastern Europe Insurgency in the Baltic states
5%
1945-1946 Southern Asia Iran Crisis
5%
1969 North Africa Libyan Coup d'etat
5%
1967-1970 Western Asia War of Attrition
5%
1948-1954 Southern Europe Albanian-Yugoslav Border Conflict
4%
1944-1953 Central Europe Anti-Communist Resistance in Poland
4%
1966-1967 South America Bolivian Campaign
4%
1950 Southern Europe Cazin rebellion
4%
1945-1949 Southeast Asia Civil Conflicts in Vietnam
4%
1948-1989 Southeast Asia Communist insurgency in Burma
4%
1968-1989 Southeast Asia Communist Insurgency in Malaysia
4%
1946 Southern Europe Corfu Channel Incident
4%
1944-1945 Southern Europe Dekemvriana
4%
1946-1954 Southeast Asia Hukbalahap Revolution
4%
1975-1976 Southeast Asia Indonesian invasion of East Timor
4%
1953 Southern Asia Iranian Coup d'etat
4%
1964-1982 North America Mexican dirty war
4%
1990 Central Asia Mongolian Revolution
4%
1974-1975 Western Europe Ongoing Revolutionary Process
4%
1977 Southern Asia Operation fair play
4%
1952 Central Europe Plzen Uprising
4%
1956 Central Europe Poznan Protests
4%
1944-1962 Central Europe Romanian Anti-Communist Resistance
4%
1969 East Africa Somali coup d'etat
4%
1991 Eastern Europe Soviet coup d'etat attempt
4%
1969 North Africa Sudanese coup d'etat
4%
1989 East Asia Tiananmen Square Protests
4%
1936-1953 Southern Europe Turkish Straits Crisis
4%
1973 South America Uruguayan coup d'etat
4%
1958 Western Asia 14 July Revolution
2%
1959 West Asia 1959 Mosul Uprsising
2%
1971 Southern Asia 1971 JVP Insurrection
2%
1986 North Africa 1986 US bombing of Libya
2%
1987-1989 Southern Asia 1987-1989 JVP Insurrection
2%
1965 Southeast Asia 30 September Movement
2%
1966-1975 South America Araguaia Guerilla War
2%
1973-1990 South America Armed resistance in Chile
2%
1963 Western Asia Ar-Rashid Revolt
2%
1961-1968 Southern Europe Attack on Soviet Naval Presence
2%
1970-1971 Western Asia Black September in Jordan
2%
1987 Southern Europe Brasov Rebellion
2%
1978 East Asia Korean Airlines Flight 902
2%
1977 North Africa Egyptian-Libyan war
2%
1961-1991 East Africa Eritrean War for Independence
2%
1982 East Africa Ethiopian-Somali border war
2%
1957 Southern Europe First Albanian Airforce Incident
2%
1970 Southeast Asia First Quarter Storm
2%
1980 East Asia Gwangju Uprising
2%
1957-1958 North Africa Ifni War
2%
1963-1966 Southeast Asia Indonesia-Malaysia confrontation
2%
1976-2005 Southeast Asia Insurgency in Aceh
2%
1980-1999 South America Internal conflict in Peru
2%
1976-1982 Western Asia Islamist Uprising in Syria
2%
1948-1949 East Asia Jeju Uprising
2%
1983 East Asia Korean Airlines Flight 007
2%
1979 Caribbean March 13th revolution of 1979
2%
1964-1974 East Africa Mozambican War of Independence
2%
1976 East Africa Operation Entebbe
2%
1975-1977 South America Operation Independence
2%
1961-1962 Southeast Asia Operation Trikora
2%
1986 Southeast Asia People Power Revolution
2%
1960-1979 South America Political Crisis in Ecuador
2%
1977 East Africa Seychelles coup d'etat
2%
1960 Eastern Europe U-2 Incident
2%
1961-1975 Southern Africa Angolan War for Independence
0%
1955 Central America Calderonist Invason of Costa Rica
0%
1963-1974 West Africa Guinea-Bissau war for independence
0%
1973-1978 Southern Asia Operation in Baluchistan
0%
No matching quizzes found
Score Distribution
Percent of People with Each Score
Percentile by Number Answered
Your Score History
You have not taken this quiz